Текст томруулах:    
Higher education (Бичлэгийн дугаар. 146826)
000 -УДИРДЛАГА
Удирдлага 01769nam a22002537a 4500
003 - ХЯНАЛТЫН ТОО ТОДОРХОЙЛОГЧ
Код MN-UlNUM
005 - БИЧИЛТ ХИЙСЭН ОГНОО
Тухайн бичилтийг бичсэн засварласан сүүлийн огноо 20260401170213.0
008 - ЕРӨНХИЙ МЭДЭЭЛЭЛ
Ерөнхий мэдээлэл 260401s1994 dcua b 000 0 eng
020 ## - ISBN
ISBN 0821327453
040 ## - БИЧЛЭГ ҮҮСГЭГЧ БАЙГУУЛЛАГА
Бичлэг үүсгэгч номын сангийн код МУИС-ийн номын сан
084 ## - ББК АНГИЛАЛ
Нэмэлт тусгалт Нэг сэдэвт бүтээл
ББК ангилал 74.4
Зохиогчийн гурван тэмдэгт H 65
Мэдлэгийн ялгаа 74 - Боловсрол
245 ## - ҮНДСЭН ГАРЧИГ
Номын нэр Higher education
Бага гарчгийн мэдээ The lessons of experience
260 ## - ГАРАЛТЫН МЭДЭЭ
Хэвлэгдсэн газар Washington, D.C.
Хэвлэлийн газар World Bank
Хэвлэгдсэн он 1994
300 ## - МАТЕРИАЛЫН ТОДОРХОЙЛОЛТ
хуудасны тоо x, 105 p. :
Бусад тоон мэдээлэл ill. ;
Хэмжээ 23 cm
500 ## - Тайлбар
Дансны дугаар БС 4472
505 ## - Агуулгын тэмдэглэгээ
Агуулгын тэмдэглэгээ Higher education is of paramount importance for economic and social development, yet it is in crisis throughout the world. Industrial as well as developing countries are grappling with the challenge of how to improve higher education as they face shrinking budgets. The crisis is most acute in the developing world, where fiscal adjustments have been harshest and where relatively low enrollment ratios make containing pressures to expand enrollment more difficult. The result has been a dramatic compression of average expenditures on each student - for example, in sub-Saharan Africa, from an average of $6,300 in 1980 to $1,500 in 1988. This book shows how developing countries can reform higher education, despite wide variations within the sector from country to country. Using data from many reports and case studies, it suggests four main directions for reform: encouraging more kinds of public and private institutions, providing incentives for public institutions to diversify sources of funding, redefining the role of government, and introducing policies that emphasize quality and equity.
546 ## - ХЭЛНИЙ ТУХАЙ МЭДЭЭ
Хэл Англи хэл дээр,
653 ## - Түлхүүр үг
Түлхүүр үг education
653 ## - Түлхүүр үг
Түлхүүр үг economic aspects
653 ## - Түлхүүр үг
Түлхүүр үг case studies
942 ## - ЭЛЕМЕНТИЙН ТӨРӨЛ
Зүйлийн төрөл Ном